[Event "2.ligaD04/05-2"]
[Site "?"]
[Date "2004.??.??"]
[Round "?"]
[White "Cerveny, Martin"]
[Black "Pospisil, Vladimir"]
[Result "1-0"]
[WhiteElo "2135"]
[BlackElo "2080"]
[PlyCount "59"]
[EventDate "2004.??.??"]

1. d4 d5 2. c4 e6 3. Nc3 Nf6 4. Bg5 Nbd7 5. Nf3 Be7 6. e3 c6 7. Qc2 O-O 8. Be2
dxc4 9. Bxc4 Nd5 10. Bxe7 Qxe7 11. O-O Nxc3 12. Qxc3 b6 13. b4 Bb7 14. Bb3 Rac8
15. a4 c5 16. dxc5 bxc5 17. b5 c4 18. Bc2 Rc5 19. e4 Rfc8 20. Rad1 Qf6 21. Qa5
R5c7 22. Rd6 g6 23. Rfd1 Qe7 24. Qd2 Nc5 25. Qd4 f6 26. a5 Kf8 27. g4 Ke8 28.
g5 e5 29. Qxc4 Ne6 30. Qxe6 1-0

[Event "2.ligaD04/05-2"]
[Site "?"]
[Date "2004.??.??"]
[Round "?"]
[White "Lamser, Miroslav"]
[Black "Mudra, Tomas"]
[Result "0-1"]
[WhiteElo "2066"]
[BlackElo "2075"]
[PlyCount "96"]
[EventDate "2004.??.??"]

1. Nf3 c5 2. c4 g6 3. Nc3 Bg7 4. g3 Nc6 5. Bg2 e6 6. O-O Nge7 7. b3 d5 8. Bb2
O-O 9. Na4 Bxb2 10. Nxb2 Rb8 11. cxd5 Nxd5 12. Qc1 b6 13. Rd1 Ba6 14. Nc4 Rc8
15. d3 Nd4 16. Rd2 b5 17. Nce5 Nxf3+ 18. Nxf3 Qf6 19. e4 Nb4 20. a3 Nc6 21. Qd1
Rfd8 22. Rc1 Nd4 23. b4 c4 24. e5 Nxf3+ 25. Bxf3 Qxe5 26. dxc4 Rxd2 27. Qxd2
bxc4 28. Rc3 Bb5 29. Qc2 Qd4 30. Be2 e5 31. h4 h5 32. Re3 Bd7 33. Rc3 Be6 34.
Qc1 Bd5 35. Qc2 a6 36. Qc1 Rc6 37. Qe3 Kg7 38. Bf1 Kg8 39. Bg2 Qd1+ 40. Kh2
Bxg2 41. Kxg2 Qd5+ 42. Qf3 e4 43. Qe3 Rf6 44. Qc5 Rxf2+ 45. Qxf2 e3+ 46. Qf3
Qd2+ 47. Kf1 Qxc3 48. Qe4 Qc1+ 0-1

[Event "2.ligaD04/05-2"]
[Site "?"]
[Date "2004.??.??"]
[Round "?"]
[White "Tomes, Pavel"]
[Black "Koblizek, Antonin"]
[Result "1/2-1/2"]
[WhiteElo "2109"]
[BlackElo "2017"]
[PlyCount "48"]
[EventDate "2004.??.??"]

1. e4 c5 2. Nf3 e6 3. d4 cxd4 4. Nxd4 a6 5. Bd3 Nf6 6. O-O Qc7 7. Qe2 d6 8. Nc3
Be7 9. Kh1 Nbd7 10. f4 b5 11. Bd2 b4 12. Na4 Nc5 13. Nxc5 dxc5 14. Nf3 Bb7 15.
c4 Rd8 16. e5 Ng4 17. Rad1 Qc6 18. Be1 Nh6 19. Nh4 g6 20. Bg3 O-O 21. Qf3 Rd4
22. Qxc6 Bxc6 23. Be2 Rfd8 24. Nf3 Rxd1 1/2-1/2

[Event "2.ligaD04/05-2"]
[Site "?"]
[Date "2004.??.??"]
[Round "?"]
[White "Chmelicek, Bronislav"]
[Black "Fuchs, Ludek"]
[Result "1/2-1/2"]
[WhiteElo "1929"]
[BlackElo "2098"]
[PlyCount "20"]
[EventDate "2004.??.??"]

1. d4 g6 2. e4 d6 3. Nc3 Bg7 4. f4 f5 5. exf5 Bxf5 6. Nf3 Nf6 7. Bd3 Bxd3 8.
Qxd3 O-O 9. O-O c5 10. dxc5 dxc5 1/2-1/2

[Event "2.ligaD04/05-2"]
[Site "?"]
[Date "2004.11.07"]
[Round "2"]
[White "Tuma, Jiri"]
[Black "Spodny, Josef"]
[Result "0-1"]
[WhiteElo "2217"]
[BlackElo "2151"]
[PlyCount "124"]
[EventDate "2004.??.??"]

{96MB, HOME-LZ1QVMPENS} 1. e4 e6 2. d4 d5 3. e5 b6 4. Nf3 Qd7 5. Bd3 Ba6 6. O-O
Ne7 7. a4 Bxd3 8. Qxd3 Nbc6 9. Bd2 a5 10. Na3 Ng6 11. c3 Be7 12. Bg5 O-O 13. h4
h6 14. Bxe7 Ngxe7 15. Rae1 Na7 16. Qd1 c5 17. Re2 Nec6 18. Rfe1 Rfc8 19. Re3
Qe7 20. g3 Qd8 21. Kg2 Ne7 22. R3e2 Nf5 23. Rh1 cxd4 24. Nxd4 Nxd4 25. Qxd4 Nc6
26. Qd1 Ne7 27. Rd2 Qc7 28. Re1 Qc6 29. Kh2 Nf5 30. Nb5 Qc5 31. Nd4 Nxd4 32.
Rxd4 b5 33. Re3 bxa4 34. Qxa4 Rab8 35. Re2 Qb5 36. Qxb5 Rxb5 37. h5 Rcb8 38.
Rdd2 a4 39. f4 Rb3 40. Kh3 a3 41. bxa3 Rxa3 42. Rd3 Rbb3 43. Ree3 Kh7 44. Kg4
g6 45. Rf3 Kg7 46. Kh4 Rb2 47. hxg6 Rh2+ 48. Kg4 Kxg6 49. f5+ exf5+ 50. Kf4
Ra4+ 51. Rd4 Rxd4+ 52. cxd4 Re2 53. Rd3 Re4+ 54. Kf3 Kg5 55. Rd1 f6 56. exf6
Kxf6 57. Rd2 Kg5 58. Rd1 h5 59. Rd2 h4 60. gxh4+ Rxh4 61. Rg2+ Rg4 62. Rd2 Re4
0-1

[Event "2.ligaD04/05-2"]
[Site "?"]
[Date "2004.11.07"]
[Round "2"]
[White "Mares, Jaroslav"]
[Black "Senkyr, Vladimir"]
[Result "0-1"]
[WhiteElo "2126"]
[BlackElo "2149"]
[PlyCount "48"]
[EventDate "2004.??.??"]

{96MB, HOME-LZ1QVMPENS} 1. c4 f5 2. d4 Nf6 3. Nc3 g6 4. g3 Bg7 5. Bg2 d6 6. f4
c6 7. Nf3 O-O 8. O-O Nbd7 9. Qd3 e5 10. Qd1 e4 11. Ne1 Rb8 12. a4 a6 13. b4 Nb6
14. c5 Nbd5 15. Nxd5 Nxd5 16. Nc2 a5 17. bxa5 dxc5 18. Ba3 Qxa5 19. Bxc5 Rd8
20. Ra3 b6 21. Qb1 Be6 22. Bb4 Nxb4 23. Nxb4 Rbc8 24. e3 Bf8 0-1

[Event "2.ligaD04/05-2"]
[Site "?"]
[Date "2004.11.07"]
[Round "2"]
[White "Jurek, Miroslav"]
[Black "Cap, Martin"]
[Result "1/2-1/2"]
[WhiteElo "2127"]
[BlackElo "2059"]
[PlyCount "138"]
[EventDate "2004.??.??"]

{96MB, HOME-LZ1QVMPENS} 1. e4 d6 2. d4 Nf6 3. f3 Nbd7 4. c4 c6 5. Be3 e5 6. d5
c5 7. Nc3 Be7 8. Bd3 O-O 9. Nge2 Nh5 10. Qd2 a6 11. O-O g6 12. g4 Ng7 13. Ng3
Nb6 14. Bh6 Bh4 15. Nce2 f6 16. b3 Rf7 17. Kg2 Bg5 18. Bxg5 fxg5 19. b4 Nd7 20.
a3 h6 21. Nc3 Qc7 22. Nge2 Kh7 23. Rh1 Qd8 24. Na4 b6 25. bxc5 bxc5 26. Rab1
Qf6 27. Rhf1 Rb8 28. Qe3 Qd8 29. Bc2 Qc7 30. Rb3 Rxb3 31. Qxb3 Qa5 32. Qc3 Qd8
33. Rb1 h5 34. h3 Qf6 35. Qe3 Ne8 36. Ng3 hxg4 37. hxg4 Kg8 38. Nb6 Nxb6 39.
Rxb6 Rh7 40. Ba4 Kf8 41. Rb8 Bd7 42. Bxd7 Rxd7 43. Ne2 Rh7 44. Ng3 Qe7 45. Qb3
Qc7 46. Qb6 Qxb6 47. Rxb6 Ra7 48. Ne2 Ke7 49. Ng1 Nf6 50. Nh3 Nh7 51. Kf2 a5
52. Rb8 a4 53. Rh8 Nf8 54. Nxg5 Rb7 55. Ne6 Rb2+ 56. Kg3 Nxe6 57. Rh7+ Ke8 58.
dxe6 Rb3 59. Rd7 Rxa3 60. Rxd6 Ke7 61. Rc6 Ra1 62. Kh4 Rf1 63. Rxc5 a3 64. Ra5
Rxf3 65. Rxe5 Rc3 66. Ra5 Rxc4 67. Rxa3 Rxe4 68. Ra7+ Kf6 69. Rf7+ Kxe6 1/2-1/2

[Event "2.ligaD04/05-2"]
[Site "?"]
[Date "2004.11.07"]
[Round "2"]
[White "Novy, Martin"]
[Black "Belousek, Michal"]
[Result "1/2-1/2"]
[WhiteElo "2152"]
[BlackElo "2146"]
[PlyCount "126"]
[EventDate "2004.??.??"]

{96MB, HOME-LZ1QVMPENS} 1. d4 Nf6 2. Nf3 e6 3. g3 b6 4. Bg2 Bb7 5. O-O Be7 6.
Bg5 d6 7. Nbd2 Nbd7 8. c3 Ne4 9. Bxe7 Qxe7 10. Nxe4 Bxe4 11. Ne1 Bxg2 12. Nxg2
O-O 13. e4 c5 14. Ne3 b5 15. Qe2 Rab8 16. a4 cxd4 17. cxd4 bxa4 18. Rxa4 Nb6
19. Ra5 Qb7 20. f3 d5 21. e5 Nc4 22. Nxc4 dxc4 23. Rc1 Qxb2 24. Qxb2 Rxb2 25.
Rxc4 g5 26. Rxa7 Rd2 27. Rca4 Kg7 28. Ra8 Rxa8 29. Rxa8 Rxd4 30. Ra5 Rd2 31.
Rb5 Kg6 32. Ra5 h5 33. Ra8 Kg7 34. Ra5 Re2 35. Rb5 Ra2 36. Rb4 Re2 37. Rb5 Kg6
38. Ra5 Rb2 39. Ra4 Rb5 40. f4 Rb2 41. fxg5 Kxg5 42. h4+ Kf5 43. Rf4+ Kg6 44.
Kf1 Rb5 45. Re4 Rb7 46. Rf4 Rb5 47. Re4 Kf5 48. Rf4+ Kxe5 49. Rxf7 Ke4 50. Kg2
Rb2+ 51. Kh3 e5 52. Rh7 Kd3 53. Rxh5 e4 54. Rd5+ Ke2 55. h5 e3 56. Kg4 Rb4+ 57.
Kf5 Kf3 58. Re5 Rb8 59. h6 Rh8 60. Kg6 Rg8+ 61. Kf7 Rxg3 62. h7 Rh3 63. Kg7 e2
1/2-1/2

[Event "2.ligaD04/05-2"]
[Site "?"]
[Date "2004.11.07"]
[Round "2"]
[White "Jelinek, Vaclav"]
[Black "Sedlacek, Petr"]
[Result "1/2-1/2"]
[WhiteElo "2131"]
[BlackElo "1987"]
[PlyCount "96"]
[EventDate "2004.??.??"]

{96MB, HOME-LZ1QVMPENS} 1. g3 d5 2. Bg2 Nf6 3. d3 e5 4. Nf3 Nc6 5. O-O Be7 6.
Na3 h6 7. c4 Be6 8. b3 O-O 9. Bb2 Rb8 10. cxd5 Bxd5 11. e4 Be6 12. Nc4 Bxc4 13.
dxc4 Qxd1 14. Raxd1 Bd6 15. c5 Bxc5 16. Nxe5 Nxe5 17. Bxe5 Bb6 18. Rc1 Ne8 19.
Rfd1 f6 20. Bc3 Nd6 21. Kf1 Rfe8 22. f3 Nb5 23. Bb2 Rbd8 24. a4 Nd6 25. Ke2 Nf7
26. Bh3 Rxd1 27. Rxd1 Rd8 28. Be6 Rxd1 29. Kxd1 Bg1 30. h3 Kf8 31. Ke2 Ke7 32.
Bd5 c6 33. Ba3+ Nd6 34. Bc4 Kd7 35. Bd3 Bd4 36. f4 b5 37. Bxd6 Kxd6 38. axb5
cxb5 39. Bxb5 Bc3 40. Bc4 Kc5 41. h4 Kd4 42. Kf3 Be1 43. h5 Bc3 44. Bg8 Kc5 45.
Kg4 Kd6 46. Kf5 Ke7 47. g4 Bd4 48. Bc4 Bc3 1/2-1/2

[Event "2.ligaD04/05-2"]
[Site "?"]
[Date "2004.11.07"]
[Round "2"]
[White "Sladek, Vladislav"]
[Black "Motacek, Vladimir"]
[Result "1-0"]
[WhiteElo "1972"]
[BlackElo "2061"]
[PlyCount "68"]
[EventDate "2004.??.??"]

{96MB, HOME-LZ1QVMPENS} 1. d4 Nf6 2. c4 c5 3. d5 e6 4. Nc3 exd5 5. cxd5 d6 6.
Nf3 g6 7. Bg5 Bg7 8. e4 O-O 9. Be2 a6 10. a4 Re8 11. Nd2 b6 12. O-O Qc7 13. f4
Nfd7 14. Bf3 Bb7 15. Nc4 Bxc3 16. bxc3 b5 17. axb5 axb5 18. Rxa8 Bxa8 19. Ne3
f6 20. Bh4 c4 21. Ng4 Rf8 22. Qd2 Bb7 23. Nh6+ Kg7 24. f5 Ne5 25. fxg6 hxg6 26.
Bg4 Bc8 27. Qf4 Nxg4 28. Nxg4 Bxg4 29. Bxf6+ Kg8 30. Qxg4 Qf7 31. Qh4 Qh7 32.
Qxh7+ Kxh7 33. Be7 Re8 34. Bxd6 Nd7 1-0

[Event "2.ligaD04/05-2"]
[Site "?"]
[Date "2004.11.07"]
[Round "2"]
[White "Pochyly, Jan"]
[Black "Cizek, Antonin"]
[Result "0-1"]
[WhiteElo "2022"]
[BlackElo "2330"]
[PlyCount "94"]
[EventDate "2004.??.??"]

{96MB, HOME-LZ1QVMPENS} 1. e4 c5 2. c3 Nf6 3. d3 d5 4. e5 Nfd7 5. d4 e6 6. Nf3
Nc6 7. Be2 Be7 8. O-O O-O 9. Re1 f6 10. exf6 Bxf6 11. Na3 e5 12. dxe5 Ndxe5 13.
Nc2 Kh8 14. Nxe5 Bxe5 15. g3 d4 16. cxd4 Nxd4 17. Be3 Bf5 18. Bxd4 Bxc2 19.
Qxc2 Bxd4 20. Rf1 Qf6 21. Bd3 Bxb2 22. Rab1 Bd4 23. Be4 Rab8 24. Rxb7 Rxb7 25.
Bxb7 Qb6 26. Be4 g6 27. Kg2 Qe6 28. f3 Qa6 29. Rc1 Rb8 30. Qd2 Rb2 31. Rc2 Qxa2
32. Rxb2 Qxb2 33. Qxb2 Bxb2 34. Bd3 Kg7 35. Kf2 Bd4+ 36. Ke2 Kf6 37. Bc4 h6 38.
Kd3 Bg1 39. h3 Bf2 40. g4 Ke5 41. Bb5 Kf4 42. Bc6 Kg3 43. Ke2 Bd4 44. Bd7 c4
45. Be6 c3 46. Bd5 Kxh3 47. Kd3 h5 0-1

[Event "2.ligaD04/05-2"]
[Site "?"]
[Date "2004.11.07"]
[Round "2"]
[White "Krejci, Petr"]
[Black "Strnad, Josef"]
[Result "1-0"]
[WhiteElo "2185"]
[BlackElo "2065"]
[PlyCount "111"]
[EventDate "2004.??.??"]

{96MB, HOME-LZ1QVMPENS} 1. Nf3 Nf6 2. g3 d5 3. Bg2 c5 4. d3 Nc6 5. O-O Bg4 6.
h3 Bh5 7. Nbd2 e6 8. Re1 Be7 9. e4 dxe4 10. dxe4 O-O 11. c3 h6 12. Qc2 Bg6 13.
Nh4 Bh7 14. Bf3 Rc8 15. Ng2 b5 16. Be2 Qb6 17. f4 Rfd8 18. Kh2 c4 19. Rf1 Bc5
20. a4 a6 21. axb5 axb5 22. f5 Ne5 23. Nf4 exf5 24. exf5 Nd5 25. Nxd5 Rxd5 26.
Ne4 Be3 27. g4 Nd3 28. Bxd3 Rxd3 29. Qg2 Bxc1 30. Raxc1 f6 31. Rce1 Kf8 32. Qf2
Qc7+ 33. Qf4 Bg8 34. Qxc7 Rxc7 35. Re2 Re7 36. Rff2 Re5 37. Ng3 Red5 38. Nh5
Re5 39. Nf4 Rxe2 40. Rxe2 Rd7 41. Ng6+ Kf7 42. Kg3 Bh7 43. Nf4 g6 44. fxg6+
Bxg6 45. Re6 Rd2 46. Rb6 Be4 47. Rxb5 Rd6 48. Rc5 Bd3 49. Rc7+ Ke8 50. Rb7 f5
51. gxf5 Bxf5 52. Rb5 Bc2 53. Kf3 Kf7 54. Ke3 Kf6 55. Rd5 Rb6 56. Rd2 1-0

[Event "2.ligaD04/05-3"]
[Site "?"]
[Date "????.??.??"]
[Round "?"]
[White "Spodny, Josef"]
[Black "Belohlavek, Petr"]
[Result "1/2-1/2"]
[WhiteElo "2039"]
[BlackElo "2195"]
[PlyCount "92"]
[EventDate "2004.11.22"]

1. e4 d6 2. d4 Nf6 3. Nc3 g6 4. f3 c6 5. Be3 Qb6 6. Rb1 Qa5 7. Qd2 Bg7 8. Nge2
Nbd7 9. Nc1 O-O 10. Bd3 Re8 11. O-O e5 12. b4 Qc7 13. Nb3 Nf8 14. Qf2 b6 15.
dxe5 dxe5 16. a4 Ne6 17. a5 Rb8 18. axb6 axb6 19. Ne2 Bf8 20. c3 Nf4 21. Nxf4
exf4 22. Bd4 Nd7 23. Qe2 c5 24. bxc5 bxc5 25. Bf2 Ne5 26. Bb5 Re6 27. c4 g5 28.
Rfd1 Bb7 29. Qd2 h5 30. Qa5 Qc8 31. Qd2 Rg6 32. Bd7 Qc7 33. Qa5 Rb6 34. Bb5 g4
35. Nd2 Ra8 36. Qc3 Bg7 37. Qb3 Rd8 38. Nf1 Rbd6 39. Bh4 f6 40. Rxd6 Qxd6 41.
Ba4 Ba8 42. Rd1 Qxd1 43. Qxd1 Rxd1 44. Bxd1 gxf3 45. gxf3 f5 46. Nd2 fxe4
1/2-1/2

[Event "2.ligaD04/05-3"]
[Site "?"]
[Date "????.??.??"]
[Round "?"]
[White "Kulovana, Eva"]
[Black "Mares, Jaroslav"]
[Result "1/2-1/2"]
[WhiteElo "2204"]
[BlackElo "2089"]
[PlyCount "84"]
[EventDate "2004.11.22"]

1. e4 e6 2. d4 d5 3. Nd2 Nf6 4. e5 Nfd7 5. Bd3 c5 6. c3 Nc6 7. Ne2 Qb6 8. Nf3
cxd4 9. cxd4 Bb4+ 10. Bd2 f6 11. exf6 Nxf6 12. O-O O-O 13. Bxb4 Qxb4 14. b3 Bd7
15. Re1 Rae8 16. Ng3 Re7 17. a3 Qb6 18. b4 a6 19. Ra2 Rfe8 20. Rae2 Na7 21. Re3
Nc8 22. Ne5 Bb5 23. Bb1 Qd6 24. Nh5 Rf8 25. Nxf6+ gxf6 26. Nd3 Bxd3 27. Qxd3
Rff7 28. Qe2 Qf4 29. Rxe6 Qxd4 30. Qc2 Qc4 31. Qxc4 dxc4 32. Bf5 Rc7 33. R1e4
c3 34. Re8+ Rf8 35. Be6+ Kg7 36. Rg4+ Kh6 37. Rxf8 c2 38. Rxf6+ Kh5 39. Rf5+
Kh6 40. Rh4+ Kg7 41. Rg4+ Kh6 42. Rf6+ Kh5 1/2-1/2

[Event "2.ligaD04/05-3"]
[Site "?"]
[Date "????.??.??"]
[Round "?"]
[White "Cap, Martin"]
[Black "Dittrich, Pavel"]
[Result "0-1"]
[WhiteElo "2059"]
[BlackElo "2193"]
[PlyCount "84"]
[EventDate "2004.11.22"]

1. e4 e6 2. d4 d5 3. exd5 exd5 4. Nf3 Bd6 5. Bd3 Ne7 6. Bg5 O-O 7. O-O Bg4 8.
Nbd2 Qd7 9. c3 Nbc6 10. Re1 Rfe8 11. Qc2 h6 12. Bh4 Bf5 13. Bxe7 Bxd3 14. Qxd3
Nxe7 15. c4 dxc4 16. Nxc4 Rad8 17. Qb3 b6 18. Rad1 Ng6 19. Nfe5 Bxe5 20. Nxe5
Nxe5 21. dxe5 Qf5 22. Rxd8 Rxd8 23. Qc3 c5 24. g3 Rd3 25. Qc1 Qf3 26. b3 Qd5
27. Qf4 Rd2 28. Qa4 Qf3 29. Rf1 a5 30. Qb5 Rxa2 31. Qxb6 Qd5 32. Rc1 Rxf2 33.
Kxf2 Qd2+ 34. Kf3 Qxc1 35. Qxa5 Qd1+ 36. Kg2 Qe2+ 37. Kh3 Qxe5 38. Qd8+ Kh7 39.
Qd3+ g6 40. Qb5 Qd5 41. b4 Qf5+ 42. Kg2 Qe4+ 0-1

[Event "2.ligaD04/05-3"]
[Site "?"]
[Date "????.??.??"]
[Round "?"]
[White "Brychta, David"]
[Black "Novy, Martin"]
[Result "0-1"]
[WhiteElo "2117"]
[BlackElo "2152"]
[PlyCount "82"]
[EventDate "2004.11.22"]

1. Nf3 Nc6 2. d4 d6 3. e4 Nf6 4. Nc3 Bg4 5. Be2 e6 6. Be3 Be7 7. Qd2 d5 8. e5
Nd7 9. h3 Bh5 10. g4 Bg6 11. h4 Nb6 12. h5 Be4 13. Rh3 h6 14. Ng1 Qd7 15. a3
O-O-O 16. Bb5 a6 17. Bxc6 Qxc6 18. b3 f6 19. f3 Bh7 20. f4 fxe5 21. fxe5 Rhf8
22. a4 Rf7 23. O-O-O Bb4 24. Kb2 Rdf8 25. Nge2 Qe8 26. Qc1 Rf3 27. Rxf3 Rxf3
28. Rf1 Ba3+ 29. Kxa3 Qf8+ 30. Kb2 Rxf1 31. Qd2 Qf3 32. g5 hxg5 33. Bxg5 Rf2
34. h6 gxh6 35. Bxh6 Nd7 36. Be3 Rg2 37. Qc1 Rxe2 38. Nxe2 Qxe2 39. Bg1 c5 40.
dxc5 Qxe5+ 41. c3 Qe4 0-1

[Event "2.ligaD04/05-3"]
[Site "?"]
[Date "????.??.??"]
[Round "?"]
[White "Sedlacek, Petr"]
[Black "Miculka, Petr"]
[Result "1-0"]
[WhiteElo "1987"]
[BlackElo "2062"]
[PlyCount "107"]
[EventDate "2004.11.22"]

1. e4 c5 2. Nf3 Nc6 3. d4 cxd4 4. Nxd4 Nf6 5. Nc3 e5 6. Ndb5 d6 7. Bg5 a6 8.
Bxf6 gxf6 9. Na3 b5 10. Nd5 f5 11. Bd3 Be6 12. c3 Bg7 13. Nc2 O-O 14. Ncb4 Bxd5
15. Nxd5 fxe4 16. Bxe4 f5 17. Bc2 Kh8 18. Qh5 e4 19. g4 Ne5 20. gxf5 Nf3+ 21.
Ke2 Qh4 22. Qxh4 Nxh4 23. Bxe4 Rae8 24. Kd3 Nxf5 25. Nc7 Re7 26. Nxa6 d5 27.
Bxf5 Rxf5 28. Rae1 Rd7 29. Nc5 Rdf7 30. Re8+ Bf8 31. Ne6 Rxf2 32. Rxf8+ Rxf8
33. Nxf8 Rxf8 34. Re1 Kg7 35. Re2 Rf4 36. Re7+ Kg6 37. Rb7 Rf2 38. Rxb5 Rxh2
39. a4 Rh3+ 40. Ke2 Rh4 41. b4 h5 42. Rxd5 Rh2+ 43. Ke3 h4 44. Rc5 h3 45. Rc8
Kg5 46. a5 Ra2 47. Rh8 Kg4 48. Kd4 Kg3 49. Kc5 h2 50. Kb6 Rc2 51. a6 Rxc3 52.
a7 Ra3 53. b5 Kg2 54. Rxh2+ 1-0

[Event "2.ligaD04/05-3"]
[Site "?"]
[Date "????.??.??"]
[Round "?"]
[White "Tesar, Jan"]
[Black "Sladek, Vladislav"]
[Result "1-0"]
[WhiteElo "2042"]
[BlackElo "1894"]
[PlyCount "163"]
[EventDate "2004.11.22"]

1. g3 d5 2. Bg2 Nf6 3. Nf3 c6 4. O-O Bf5 5. d3 Nbd7 6. b3 e6 7. Bb2 Bd6 8. Nbd2
Qc7 9. c4 O-O 10. Rc1 Bg4 11. Rc2 a5 12. cxd5 Nxd5 13. a3 Ne5 14. Nxe5 Bxe5 15.
d4 Bf6 16. Qe1 Qb6 17. e4 Nc7 18. Qe3 e5 19. Nc4 Qa7 20. dxe5 Be7 21. Bd4 c5
22. Bb2 Rad8 23. Nd6 Ne6 24. Nf5 Rfe8 25. h3 Bh5 26. Kh2 b6 27. f4 Bf8 28. g4
Bg6 29. Rd2 Rxd2 30. Qxd2 Rd8 31. Nd6 Qb8 32. Rd1 Nd4 33. Bxd4 cxd4 34. Qxd4 h6
35. f5 Bh7 36. Bf1 Qc7 37. Bc4 Rd7 38. Bxf7+ Rxf7 39. Nxf7 Qxf7 40. Qd5 Bxa3
41. e6 Qc7+ 42. Kh1 Be7 43. Qa8+ Bf8 44. Qd8 Qg3 45. Qd3 Qf4 46. Kg2 h5 47. Qd5
Kh8 48. Rf1 Qe3 49. gxh5 Qg5+ 50. Kh2 Qxh5 51. Rf2 Qh4 52. Rf3 Qe1 53. Qd3 Qa1
54. Qd8 Qb2+ 55. Kg3 Qe5+ 56. Kg2 Qc5 57. e7 Qxe7 58. Qxe7 Bxe7 59. Rc3 Bc5 60.
Rd3 Bg8 61. e5 Kh7 62. e6 Kh6 63. Rd7 g6 64. e7 Bf7 65. f6 g5 66. Rd8 Kg6 67.
e8=Q Bxe8 68. Rxe8 Kxf6 69. Kf3 Be7 70. Kg4 Ke6 71. Rb8 Bc5 72. Kxg5 Kd5 73.
Rd8+ Kc6 74. Rd1 Kb5 75. h4 Kb4 76. Rd3 a4 77. bxa4 Kxa4 78. h5 b5 79. h6 Be7+
80. Kg6 Ba3 81. Rxa3+ Kxa3 82. h7 1-0

[Event "2.ligaD04/05-3"]
[Site "?"]
[Date "????.??.??"]
[Round "?"]
[White "Cizek, Antonin"]
[Black "Kruml, David"]
[Result "1/2-1/2"]
[WhiteElo "2219"]
[BlackElo "2062"]
[PlyCount "88"]
[EventDate "2004.11.22"]

1. e4 c5 2. Nf3 Nc6 3. d4 cxd4 4. Nxd4 e5 5. Nb5 d6 6. c4 Be6 7. N1c3 a6 8. Na3
Nf6 9. Bd3 Be7 10. O-O O-O 11. Nd5 Nd7 12. Nxe7+ Qxe7 13. Nc2 Rac8 14. b3 g6
15. Bb2 f5 16. exf5 gxf5 17. f4 Rf6 18. Ne3 Rcf8 19. Qd2 Qf7 20. Rad1 Nc5 21.
Bb1 Ne4 22. Bxe4 fxe4 23. fxe5 dxe5 24. Rxf6 Qxf6 25. Rf1 Qg5 26. Rxf8+ Kxf8
27. Qf2+ Kg7 28. h4 Qf6 29. Qg3+ Kf8 30. Ng4 Qf4 31. Qxf4+ exf4 32. Nf6 Bf5 33.
Nd5 f3 34. gxf3 exf3 35. Kf2 b5 36. cxb5 axb5 37. Kxf3 b4 38. a3 Bc2 39. axb4
Bxb3 40. Ne3 Ba4 41. Ke4 Kf7 42. Bc3 Ke6 43. Kf4 Ne7 44. Kg5 Nd5 1/2-1/2

[Event "2.ligaD04/05-3"]
[Site "?"]
[Date "????.??.??"]
[Round "?"]
[White "Horak, Jiri"]
[Black "Zejda, Karel"]
[Result "1-0"]
[WhiteElo "1917"]
[BlackElo "1814"]
[PlyCount "63"]
[EventDate "2004.11.22"]

1. e4 c5 2. Nf3 d6 3. d4 cxd4 4. Nxd4 Nf6 5. Nc3 a6 6. Be2 e6 7. O-O Be7 8. Be3
Qc7 9. f4 Nc6 10. Qe1 Bd7 11. Nb3 b5 12. a3 O-O 13. Qg3 d5 14. e5 Ne4 15. Nxe4
dxe4 16. Nc5 Rfd8 17. Nxe4 Kh8 18. Ng5 Rf8 19. Bd3 g6 20. Qh4 h5 21. Rf3 Kg7
22. Rh3 Rh8 23. Qg3 Be8 24. Bxg6 Bxg5 25. Bxh5 Kf8 26. Qxg5 Ne7 27. Qf6 Rh7 28.
b4 Qc3 29. Bc5 Qxa1+ 30. Kf2 Ra7 31. Bxf7 Qd1 32. Bh5+ 1-0

[Event "2.ligaD04/05-3"]
[Site "?"]
[Date "2004.11.21"]
[Round "14.1"]
[White "Adam, Petr"]
[Black "Hladik, Josef"]
[Result "1/2-1/2"]
[WhiteElo "2129"]
[BlackElo "2216"]
[PlyCount "67"]
[EventDate "2004.11.22"]

1. g3 d5 2. Bg2 c6 3. d3 Nf6 4. Nd2 e5 5. c4 d4 6. Ngf3 Nbd7 7. O-O Bd6 8. e3
dxe3 9. fxe3 O-O 10. Ng5 Nc5 11. d4 Ne6 12. Nde4 Nxe4 13. Nxe4 exd4 14. exd4
Bc7 15. d5 cxd5 16. cxd5 Bb6+ 17. Kh1 Nc5 18. Nxc5 Bxc5 19. Bf4 Bd6 20. Qd4 b6
21. Bd2 Qd7 22. Bc3 Qg4 23. Qd3 Bb7 24. Be4 g6 25. Rf6 Rae8 26. Bg2 Bc5 27. Rf4
Qe2 28. Qxe2 Rxe2 29. Raf1 f5 30. Rd1 Rd8 31. Rff1 h5 32. Bf3 Re3 33. Bg2 Re2
34. Bf3 1/2-1/2

[Event "2.ligaD04/05-3"]
[Site "?"]
[Date "2004.11.21"]
[Round "14.2"]
[White "Uhmann, Jan"]
[Black "Kavan, Zdenek"]
[Result "0-1"]
[WhiteElo "2223"]
[BlackElo "2190"]
[PlyCount "72"]
[EventDate "2004.11.22"]

1. d4 Nf6 2. c4 g6 3. Nc3 d5 4. Bg5 Ne4 5. Bh4 Nxc3 6. bxc3 dxc4 7. Qa4+ Nd7 8.
e4 Bg7 9. Bxc4 O-O 10. Qc2 c5 11. Ne2 cxd4 12. cxd4 Nb6 13. O-O Bg4 14. Bb3 Rc8
15. Qd3 Bxe2 16. Qxe2 Bxd4 17. Rad1 Qd6 18. Kh1 e5 19. f4 Rc6 20. Qd3 Qb4 21.
f5 Kg7 22. f6+ Kg8 23. Qg3 Rfc8 24. Qg5 Qf8 25. Be1 Nc4 26. Rf3 h6 27. Qg3 Kh7
28. h4 Qd8 29. Qg4 R8c7 30. h5 Rxf6 31. Bh4 g5 32. Bxc4 Rxc4 33. Bg3 Qe7 34.
Rdf1 Rxf3 35. Qxf3 Kg7 36. Qb3 Rc3 0-1

[Event "2.ligaD04/05-3"]
[Site "?"]
[Date "2004.11.21"]
[Round "14.3"]
[White "Dvorak, Libor"]
[Black "Svehla, Karel"]
[Result "1/2-1/2"]
[WhiteElo "2021"]
[BlackElo "2151"]
[PlyCount "69"]
[EventDate "2004.11.22"]

1. Nf3 d5 2. c4 c6 3. g3 Nf6 4. Bg2 Nbd7 5. cxd5 Nxd5 6. d4 N7f6 7. Ne5 Bf5 8.
O-O Bxb1 9. Rxb1 e6 10. e4 Nb6 11. b4 Be7 12. Be3 O-O 13. Qb3 Nbd7 14. Nc4 Ng4
15. Bf4 g5 16. Bd2 Nb6 17. h3 Nf6 18. Na5 Qxd4 19. Rbd1 Qe5 20. Nxb7 Nxe4 21.
Bc1 Qc7 22. Bxe4 Qxb7 23. Qc2 Nd5 24. Bxh7+ Kg7 25. Bb2+ Bf6 26. Be4 Qxb4 27.
Bxf6+ Nxf6 28. Bxc6 Rac8 29. Qa4 Qxa4 30. Bxa4 Rc5 31. Rd4 Rfc8 32. Rfd1 Rc1
33. Rxc1 Rxc1+ 34. Rd1 Rc5 35. Rd2 1/2-1/2

[Event "2.ligaD04/05-3"]
[Site "?"]
[Date "2004.11.21"]
[Round "14.4"]
[White "Bakos, Eduard"]
[Black "Fojtach, Ivan"]
[Result "1/2-1/2"]
[WhiteElo "2119"]
[BlackElo "2045"]
[PlyCount "56"]
[EventDate "2004.11.22"]

1. d4 c5 2. d5 d6 3. g3 g6 4. Bg2 Bg7 5. e4 b5 6. Ne2 Nh6 7. O-O O-O 8. f4 Bb7
9. a4 a6 10. Nd2 e6 11. c4 exd5 12. cxd5 Nd7 13. Nc3 Qb6 14. Kh1 c4 15. Qf3 Nc5
16. g4 f6 17. axb5 axb5 18. Rxa8 Bxa8 19. Ndb1 f5 20. exf5 gxf5 21. g5 Nf7 22.
Be3 Qb8 23. Qg3 Nh8 24. Nd2 Nd3 25. Rb1 Ng6 26. h4 Ne7 27. h5 Qe8 28. h6 Bh8
1/2-1/2

[Event "2.ligaD04/05-3"]
[Site "?"]
[Date "2004.11.21"]
[Round "14.5"]
[White "Skrenek, Jiri"]
[Black "Stefl, Vladimir"]
[Result "1-0"]
[WhiteElo "2046"]
[BlackElo "2135"]
[PlyCount "109"]
[EventDate "2004.11.22"]

1. e4 c5 2. Nf3 d6 3. d4 cxd4 4. Nxd4 Nf6 5. Nc3 Nc6 6. Be2 g6 7. Bg5 Bg7 8.
Nf3 Be6 9. O-O O-O 10. Qd2 Re8 11. Bh6 Bg4 12. Bxg7 Kxg7 13. Rad1 Qa5 14. h3
Bxf3 15. Bxf3 Rac8 16. Be2 Ne5 17. Qd4 Qc5 18. Bb5 Qxd4 19. Rxd4 Nc6 20. Rc4
Red8 21. Bxc6 Rxc6 22. Rxc6 bxc6 23. Rd1 Rb8 24. b3 Rb4 25. a3 Rb7 26. f3 Nd7
27. Kf2 f6 28. Ke3 Kf7 29. Ne2 c5 30. Kd3 Ne5+ 31. Kc3 Nc6 32. Kc4 Ke6 33. Nf4+
Kd7 34. Nd3 Kc7 35. b4 cxb4 36. axb4 Ne5+ 37. Nxe5 fxe5 38. Ra1 Kd7 39. Ra5 e6
40. Kb3 Kc6 41. c4 Rd7 42. Ka4 Kb7 43. Rb5+ Kc6 44. Ka5 g5 45. Ka6 h5 46. Rb8
d5 47. Rc8+ Kd6 48. c5+ Ke7 49. c6 Rd6 50. Kb7 d4 51. Ra8 d3 52. Rxa7 d2 53.
Ra1 Rd4 54. b5 Rc4 55. Rd1 1-0

[Event "2.ligaD04/05-3"]
[Site "?"]
[Date "2004.11.21"]
[Round "14.6"]
[White "Cip, Dalibor"]
[Black "Nekula, Richard"]
[Result "1-0"]
[WhiteElo "2179"]
[BlackElo "2089"]
[PlyCount "43"]
[EventDate "2004.11.22"]

1. Nf3 Nf6 2. c4 e6 3. g3 d5 4. d4 dxc4 5. Bg2 Be7 6. O-O O-O 7. Nbd2 c5 8.
Nxc4 Nc6 9. dxc5 Bxc5 10. a3 a5 11. Qb3 a4 12. Qb5 Ne4 13. Be3 Na7 14. Qxa4
Bxe3 15. Nxe3 Nd2 16. Rfe1 Nxf3+ 17. Bxf3 Qf6 18. b4 e5 19. b5 Bh3 20. Bxb7
Nxb5 21. Qxb5 Rab8 22. Qc6 1-0